[Event "ISL-chT 0910"]
[Site "Reykjavik"]
[Date "2009.09.26"]
[Round "2"]
[White "Halldorsson, Gudmundur"]
[Black "Fridjonsson, Julius"]
[Result "1/2-1/2"]
[WhiteElo "2229"]
[BlackElo "2216"]
[PlyCount "116"]
[EventDate "2009.09.25"]
[EventType "team-tourn"]
[EventRounds "7"]
[EventCountry "ISL"]
[SourceTitle "CBM 132 Extra"]
[Source "ChessBase"]
[SourceDate "2009.11.03"]
[SourceVersion "1"]
[SourceVersionDate "2009.11.03"]
[SourceQuality "1"]

1. d4 d5 2. c4 c6 3. Nf3 Nf6 4. e3 Bf5 5. Nc3 e6 6. Nh4 Bg4 7. Qb3 Qb6 8. h3 Bh5 9. g4 Bg6 10. Nxg6 hxg6 11. g5 Ng8 12. Bg2 Ne7 13. e4 dxe4 14. Qxb6 axb6 15. Bxe4 Nf5 16. d5 exd5 17. cxd5 Bb4 18. Bxf5 gxf5 19. Bd2 Nd7 20. dxc6 bxc6 21. 0-0-0 0-0-0 22. Kc2 g6 23. Ne2 Bc5 24. f4 Rde8 25. Rh2 Kc7 26. h4 Bd6 27. h5 Rxh5 28. Rxh5 Rxe2 29. Rh7 Bxf4 30. Rxf7 Bxg5 31. Rg7 Bf6 32. Rxg6 f4 33. Rf1 Bxb2 34. Rxf4 Ne5 35. Rh6 b5 36. Kd1 Rg2 37. Be3 Bc3 38. Rff6 Rg7 39. Bf4 Kb7 40. Bxe5 Bxe5 41. Rxc6 Bd4 42. Rcd6 Bc5 43. Rd5 Rc7 44. Rdh5 Rc6 45. Rxc6 Kxc6 46. Kc2 Bd6 47. Kd3 Bc5 48. Ke4 Bb6 49. Rh8 Bf2 50. Rc8+ Kd6 51. Kd3 Kd5 52. Kc3 Be1+ 53. Kb3 Kd6 54. a4 bxa4+ 55. Kxa4 Kd5 56. Kb5 Bf2 57. Rd8+ Ke4 58. Kc4 Ke5 1/2-1/2

[Event "ISL-chT 0910"]
[Site "Reykjavik"]
[Date "2009.09.26"]
[Round "3"]
[White "Ingvason, Johann"]
[Black "Halldorsson, Gudmundur"]
[Result "1-0"]
[WhiteElo "2119"]
[BlackElo "2229"]
[PlyCount "63"]
[EventDate "2009.09.25"]
[EventType "team-tourn"]
[EventRounds "7"]
[EventCountry "ISL"]
[SourceTitle "CBM 132 Extra"]
[Source "ChessBase"]
[SourceDate "2009.11.03"]
[SourceVersion "1"]
[SourceVersionDate "2009.11.03"]
[SourceQuality "1"]

1. e4 e6 2. d4 d5 3. Nc3 Bb4 4. e5 c5 5. a3 Bxc3+ 6. bxc3 Qc7 7. Bd3 b6 8. Nf3 Ba6 9. 0-0 Bxd3 10. Qxd3 cxd4 11. cxd4 Ne7 12. Nh4 Nd7 13. c3 Rc8 14. Bd2 Ng6 15. Qg3 Nxh4 16. Qxh4 0-0 17. Rae1 f5 18. exf6 Rxf6 19. Bg5 Rg6 20. Re3 Re8 21. Rfe1 Nf8 22. Bf4 Qe7 23. Qh5 Qxa3 24. Qe5 Rc8 25. h4 Rxc3 26. h5 Rf6 27. h6 Ng6 28. Qb8+ Nf8 29. hxg7 Rxe3 30. Rxe3 Qa1+ 31. Kh2 Rxf4 32. gxf8Q+ 1-0

[Event "Reykjavik op"]
[Site "Reykjavik"]
[Date "2009.03.29"]
[Round "6"]
[White "Halldorsson, Gudmundur"]
[Black "Gunnarsson, Jon Viktor"]
[Result "0-1"]
[WhiteElo "2248"]
[BlackElo "2463"]
[PlyCount "120"]
[EventDate "2009.03.24"]
[EventType "swiss"]
[EventRounds "9"]
[EventCountry "ISL"]
[SourceTitle "CBM 129 Extra"]
[Source "ChessBase"]
[SourceDate "2009.05.05"]
[SourceVersion "2"]
[SourceVersionDate "2009.05.20"]
[SourceQuality "1"]

1. c4 c5 2. g3 g6 3. Bg2 Bg7 4. Nc3 Nf6 5. e4 d6 6. Nge2 Nc6 7. d3 h5 8. h3 Bd7 9. Be3 a6 10. Qd2 Rb8 11. a4 Qc8 12. Rb1 e6 13. d4 cxd4 14. Nxd4 0-0 15. Nde2 d5 16. cxd5 exd5 17. Nxd5 Nxd5 18. exd5 Ne5 19. Rc1 Nc4 20. Qb4 Nxb2 21. Rxc8 Nd3+ 22. Kd2 Nxb4 23. Rxb8 Rxb8 24. a5 Bb5 25. Rb1 Nxd5 26. Bxd5 Rd8 27. Nc3 Bxc3+ 28. Kxc3 Rxd5 29. h4 f6 30. Bb6 Kf7 31. Re1 g5 32. Re4 Bc6 33. Rc4 Kg6 34. Rd4 Rf5 35. Rb4 Rf3+ 36. Kd2 Ra3 37. Rd4 Ra2+ 38. Ke3 Bb5 39. hxg5 fxg5 40. Rd6+ Kg7 41. Ke4 h4 42. gxh4 gxh4 43. Kf5 h3 44. Rg6+ Kf7 45. Rh6 Bd7+ 46. Kg5 Rd2 47. Rf6+ Ke8 48. Rh6 Rd5+ 49. Kf4 Kf7 50. Ke3 Kg7 51. Rh4 Kg6 52. Kf3 Rg5 53. Rh8 Be6 54. Bc7 Rc5 55. Bb6 Rc3+ 56. Be3 Ra3 57. Rh6+ Kf5 58. Rh5+ Kf6 59. Rh6+ Ke5 60. Rh5+ Bf5 0-1

[Event "Reykjavik op"]
[Site "Reykjavik"]
[Date "2009.03.24"]
[Round "1"]
[White "Kryvoruchko, Yuriy"]
[Black "Halldorsson, Gudmundur"]
[Result "1-0"]
[WhiteElo "2604"]
[BlackElo "2248"]
[PlyCount "91"]
[EventDate "2009.03.24"]
[EventType "swiss"]
[EventRounds "9"]
[EventCountry "ISL"]
[SourceTitle "CBM 129 Extra"]
[Source "ChessBase"]
[SourceDate "2009.05.05"]
[SourceVersion "2"]
[SourceVersionDate "2009.05.20"]
[SourceQuality "1"]

1. e4 e6 2. d4 d5 3. Nd2 Be7 4. Ngf3 Nf6 5. Bd3 c5 6. dxc5 Nc6 7. Qe2 Bxc5 8. 0-0 0-0 9. e5 Nd7 10. Nb3 Be7 11. c3 Re8 12. Nbd4 Nf8 13. Re1 Bd7 14. g3 Rc8 15. h4 f6 16. Bf4 Nxd4 17. Nxd4 f5 18. Rad1 g5 19. hxg5 Bxg5 20. Qd2 Bxf4 21. Qxf4 Re7 22. Qe3 Rg7 23. f4 Qb6 24. Rd2 Qc5 25. Kf2 a5 26. a3 Qc7 27. Rh1 Qc5 28. Rh3 Qc7 29. Kf3 Qc5 30. Rg2 b6 31. Qe2 Re8 32. Ke3 Ree7 33. Kd2 Ng6 34. Qe3 Nf8 35. Be2 Be8 36. Qg1 Rc7 37. g4 Bg6 38. Rhg3 Rcf7 39. gxf5 exf5 40. Bf3 Kh8 41. Be2 Qe7 42. Qh1 Kg8 43. Bf3 Ne6 44. Bxd5 Nxf4 45. Bxf7+ Rxf7 46. Rf2 1-0

[Event "ISL-ch"]
[Site "Hafnarborg"]
[Date "2003.08.30"]
[Round "7"]
[White "Halldorsson, Gudmundur"]
[Black "Sigfusson, Sigurdur Dadi"]
[Result "0-1"]
[WhiteElo "2282"]
[BlackElo "2323"]
[PlyCount "62"]
[EventDate "2003.08.24"]
[EventType "tourn"]
[EventRounds "11"]
[EventCountry "ISL"]
[EventCategory "5"]
[SourceTitle "EXT 2004"]
[Source "ChessBase"]
[SourceDate "2003.11.25"]
[SourceVersion "1"]
[SourceVersionDate "2003.11.25"]
[SourceQuality "1"]

1. d4 f5 2. c4 e6 3. Nc3 d5 4. Nf3 c6 5. Bf4 Bd6 6. e3 Nf6 7. Bd3 Ne4 8. Bxe4 Bxf4 9. exf4 fxe4 10. Ne5 0-0 11. g3 Nd7 12. 0-0 Nxe5 13. fxe5 Rf3 14. Qc2 Bd7 15. Rae1 Qg5 16. Nd1 Qh6 17. Re3 Raf8 18. Rxf3 exf3 19. Ne3 Qh3 20. Kh1 Rf5 21. g4 Rf4 22. Rg1 Rxd4 23. Rg3 Qh6 24. Rxf3 Rf4 25. Rg3 Qg5 26. Rh3 g6 27. cxd5 exd5 28. f3 Qxe5 29. Ng2 Rc4 30. Qd2 Rd4 31. Qc2 Rb4 0-1

[Event "ISL-ch"]
[Site "Hafnarborg"]
[Date "2003.08.27"]
[Round "4"]
[White "Bjarnason, Saevar"]
[Black "Halldorsson, Gudmundur"]
[Result "1/2-1/2"]
[WhiteElo "2269"]
[BlackElo "2282"]
[PlyCount "86"]
[EventDate "2003.08.24"]
[EventType "tourn"]
[EventRounds "11"]
[EventCountry "ISL"]
[EventCategory "5"]
[SourceTitle "EXT 2004"]
[Source "ChessBase"]
[SourceDate "2003.11.25"]
[SourceVersion "1"]
[SourceVersionDate "2003.11.25"]
[SourceQuality "1"]

1. d4 f5 2. g3 Nf6 3. Bg2 g6 4. Nf3 Bg7 5. 0-0 0-0 6. c4 d6 7. Nc3 Qe8 8. d5 Na6 9. Nd4 Bd7 10. Re1 Nc5 11. b3 Nfe4 12. Nxe4 Nxe4 13. f3 Nc5 14. Bb2 f4 15. e3 fxg3 16. hxg3 g5 17. Qc2 a5 18. Rad1 a4 19. Bc3 axb3 20. axb3 Be5 21. f4 gxf4 22. exf4 Bf6 23. Ne6 Nxe6 24. dxe6 Bc6 25. Bxc6 Qxc6 26. Rd5 Qe8 27. Rb5 c5 28. Rxb7 Qc6 29. Rd7 Qf3 30. Bxf6 Qxg3+ 31. Qg2 Qxg2+ 32. Kxg2 Rxf6 33. Rxe7 Rxf4 34. Re3 Rg4+ 35. Rg3 Rxg3+ 36. Kxg3 Rb8 37. Rd7 Kf8 38. Rxh7 Rxb3+ 39. Kf4 Rc3 40. Kf5 Rxc4 41. e7+ Ke8 42. Ke6 Re4+ 43. Kxd6 Rd4+ 1/2-1/2